| 000 | 00385nam a22001457a 4500 | ||
|---|---|---|---|
| 020 | _a0313441205290000 | ||
| 040 | _cNust | ||
| 082 |
_a629.8312 _bRUG |
||
| 100 |
_aRugh,. J Wilson _9124045 |
||
| 245 | _aLinear System Theory | ||
| 250 | _a2nd Edition | ||
| 260 |
_aNew Jersey: _bPrentice Hall Upper, Sadle River, _c1996. |
||
| 650 |
_aLinear System Theory _9124046 |
||
| 942 |
_2ddc _cBK |
||
| 999 |
_c610016 _d610016 |
||